000 01080nam a2200313 4500
008
020 _a9780323396837 (paperback)
040 _aNUST
_cNUST
049 _aMAIN
090 _aRS57
_bMOR
100 1 _aMorris, Deborah Gray.,
_aauthor.
245 1 0 _aCalculate with confidence /
_cDeborah Gray Morris.
250 _aSeven Edition.
260 _aSt Louis :
_bElsevier ,
_c2018
300 _axiii, 768 pages :
_cillustrations ;
_c25 cm.
336 _atext
_btxt
_2rdacontent
337 _aunmediated
_bn
_2rdamedia
338 _avolume
_bnc
_2rdacarrier
500 _aIncludes index.
504 _aIncludes bibliographical references.
650 0 _aDrug dosage calculations
_xproblems and exercises.
650 _aNursing care
_xMethods
_vProblems and exercises.
650 _aMathematics
_xProblems and exercises.
650 _aPharmaceutical Preparations
_xadministartion and dosage
_vProblems and exercises.
907 _a.b1041955x
_b20-09-22
_c16-09-22
003
005 20230123141246.0
942 _cBOOKS
_kRS57
_mMOR
999 _c170408
_d170408